Duden - das Herkunftswörterbuch Etymologie der deutschen Sprache

Saved in:
Bibliographic Details
Format: Book
Language:German
Published: Mannheim Dudenverlag 2007
Edition:4. neu bearbeitete Auflage
Series:Der Duden in 12 Bänder 7
Subjects:
Tags: Add Tag
No Tags, Be the first to tag this record!

MARC

LEADER 00000nam a2200000 4500
001 0130250
005 20240315123135.2
020 |a 978-3-411-04074-2 
041 0 |a ger 
044 |a DE 
245 1 0 |a Duden - das Herkunftswörterbuch  |b Etymologie der deutschen Sprache  |c herausgegeben von der Dudenredaktion 
250 |a 4. neu bearbeitete Auflage 
264 1 |a Mannheim  |b Dudenverlag  |c 2007 
300 |a 960 s. 
490 1 |a Der Duden in 12 Bänder  |v 7 
830 0 |a Der Duden in 12 Bänder  |v 7 
610 2 0 |a jazykoveda 
610 2 0 |a terminológia 
610 2 0 |a jazyky cudzie 
610 2 0 |a nemčina